Poesía

Saved in:
Bibliografiske detaljer
Hovedforfatter: Cervantes y Saavedra, Miguel de (Author)
Format: Bog
Sprog:spansk
Udgivet: Zaragoza Ebro 1972
Serier:Biblioteca Clásica Ebro. Clásicos Españoles, 116
Fag:
Tags: Tilføj Tag
Ingen Tags, Vær først til at tagge denne postø!

MARC

LEADER 00000nam a2200000 a 4500
001 UCQ6170
003 CL-VaPUC
008 981009e19720000SP |||||||||||||||||spa|d
082 0 4 |a 861  |b CER  |2 21 
100 |a Cervantes y Saavedra, Miguel de  |e author  |9 267947 
245 1 0 |a Poesía 
300 |a 126 p 
942 |c BK 
945 |d 19981009 00:00:00  |a crobeson 
260 |a Zaragoza  |b Ebro  |c 1972 
650 0 |a Poesías españolas  |9 265100 
650 0 |a Literatura española  |9 306261 
583 |a last modification  |c 19981009 00:00:00  |k Rodrigo Vera 
490 0 |a Biblioteca Clásica Ebro. Clásicos Españoles, 116 
999 |c 276172  |d 276170 
952 |0 0  |1 0  |4 0  |6 861_000000000000000_CER_1972  |7 0  |8 A  |9 313309  |a BIBEDU  |b BIBEDU  |d 2019-11-20  |i 1476556  |o 861 CER 1972  |p 1476556  |r 2019-11-20  |w 2019-11-20  |y BK  |k LIT